Отчет об итогах работы организации Армавирского опытно-показательного округа Северо-Кавказского края

Доступно только в Электронных читальных залах Найти на картеНа карте
RUSMARC
00003830nmc2a22002533x 450
0018f7bf331-add6-45ca-a7c3-44386f3a6a14
00520230623182628.0
100##$a20230605l1929 k y0rusy50 ca
1010#$arus
$ager
102##$aRU
105##$aa z |||||
1220#$ad19291118
2001#$aОтчет об итогах работы организации Армавирского опытно-показательного округа Северо-Кавказского края
$j18.11.1929
215##$a23 листа
$cтабл.
$d38,6 х 25,4
251##$cДело
300##$aЛисты: 18-23 - брошюра
300##$aЧасть текста на немецком языке
300##$aЧасть текста машинописная и рукописная, часть - напечатана типографским способом
461#0$1001796d4672-8a00-4986-b488-6e42273792cc
$12001
$aЦЕНТРАЛЬНЫЙ ИСПОЛНИТЕЛЬНЫЙ КОМИТЕТ СССР (ЦИК СССР).
$1251
$cФонд
$1852
$gР
$j3316
462#0$10016e6e8ba4-e15f-4ad4-8937-f1e88c150bfe
$12001
$aДела Секретариата Президиума ЦИК Союза ССР. 1929 г.
$vД. 329б
$1251
$cОпись
$1852
$j22
60101$3RU\NLR\AUTH\880357276
$aСССР
$bЦИК
801#0$aRU
$bGA_RF
801#1$aRU
$bГлавНИВЦ
$c20230605
$2rusmarc
801#2$aRU
$bПБ им. Б.Н. Ельцина
$c20230623
$gRCR
$2rusmarc
852##$aГА РФ
$j329
$lб
937##$d185680738
$hГАРФ
035##$aRuPRLIB51071586
856##$uhttp://readingroom.main.prlib.ru/item.aspx?id_node=n185680738&mode=full
Формат отображения